| 000 | 00350nam a2200133Ia 4500 | ||
|---|---|---|---|
| 005 | 20260328101516.0 | ||
| 008 | 260328s9999||||xx |||||||||||||| ||und|| | ||
| 100 | _aRoche, Manuelle | ||
| 245 | 0 |
_aLe M'zab : _b Architecture ibadite en Algerie / _cManuelle Roche |
|
| 260 | _bArthaud | ||
| 300 | _a131 p. | ||
| 650 | _aARQUITECTURA REGIONAL | ||
| 942 | _cBK | ||
| 999 |
_c9390 _d9390 |
||